| 000 | 00894cam a22002651 4500 | ||
|---|---|---|---|
| 001 | rc 01002811 | ||
| 003 | DLC | ||
| 005 | 20260227111907.0 | ||
| 007 | cr_||||||||||| | ||
| 008 | 800612s1859 mau 000 0 eng | ||
| 010 | _arc 01002811 | ||
| 035 | _a(OCoLC)6414115 | ||
| 040 |
_aDLC _cVi _dOCoLC _dDLC |
||
| 042 | _apremarc | ||
| 050 | 0 | 0 |
_aF229 _b.T57 |
| 100 | 1 |
_aThornton, John Wingate, _d1818-1878. |
|
| 245 | 1 | 4 |
_aThe first records of Anglo-American colonization; _btheir history, _cby John Wingate Thornton. |
| 260 |
_aBoston, _bGould and Lincoln, _c1859. |
||
| 300 |
_a12 p. _c23 cm. |
||
| 530 | _aAlso available in digital form on the Internet Archive Web site. | ||
| 610 | 2 | 0 | _aVirginia Company of London. |
| 651 | 0 |
_aVirginia _xHistory _yColonial period, ca. 1600-1775. |
|
| 740 | 0 | _aAnglo-American colonization. | |
| 856 | 4 | 1 | _uhttp://hdl.loc.gov/loc.gdc/scd0001.00054389632 |
| 999 |
_c52417 _d52417 |
||